000 01918nam a2200349 i 4500
001 000000088
003 DO-SdBNP
005 20230907091612.0
007 ta
008 090122s1991 dr a 001 0 spa d
040 _aDO-SdBNP
_bspa
_cBNPHU
_erda
082 4 _a338.642
_bP849c, 1991
_222
100 1 _aPortes, Alejandro,
_9288
_eautor
240 1 0 _aTropical capitalists : U. S. -bound immigration and small-enterprise development in the Dominican Republic
_lespañol
245 1 0 _aCapitalistas del trópico :
_bla inmigración en los Estados Unidos y el desarrollo de la pequeña empresa en la República Dominicana /
_cAlejandro Portes, Luis Guarnizo ; traducción, Rosa Inés Bueno
250 _a2a ed.
264 _aSanto Domingo ;
_bFLASCO,
_c1991.
300 _a117 páginas :
_bilustraciones ;
_c22 cm.
336 _2rdacontent
_atexto
_btxt
337 _2rdamedia
_asin mediación
_bnc
338 _2rdacarrier
_avolumen
_bn
505 0 _aPrólogo ---
_tPrefacio a la edición en español -
_tI. Generalidades: la inmigración y sus tipos --
_tII. Teorías sobre migración y desarrollo --
_tIII. La inmigración dominicana --
_tIV. La economía dominicana en los ochenta --
_tV. Metodología --
_tVI. La comunidad inmigrante dominicana de New York: hallazgos preliminares --
_tVII. Empresas dominicanas vinculadas con la migración: perfil de la muestra --
_tVIII. La comunidad inmigrante y el desarrollo de la pequeña empresa dominicana --
_tIX. Conclusiones.
590 _aInventariado,2018/DG
650 4 _aMicroempresas
_zRepública Dominicana
_9289
651 4 _aRepública Dominicana
_xEmigración e inmigración
_9290
651 4 _aEstados Unidos
_xEmigración e inmigración
_9291
700 1 _aGuarnizo, Luis,
_9292
_eautor
700 1 _aBueno, Rosa Inés,
_etraducción
_9293
710 2 _aFacultad Latinoamericana de Ciencias Sociales
_9294
910 _aValidado. Control de calidad MFF
942 _2ddc
_cLBS1
999 _c88
_d88